Open Data Biblioteca Nacional de Portugal


República Portuguesa: Ministério da Cultura
Biblioteca Nacional de Portugal

Catálogo da BNP: acesso por Identificadores Unívocos
Registos Bibliográficos associados ao registo de autoridade

Etiqueta de registo: 00230nas 2200025 450
001 1788754
003 http://id.bnportugal.gov.pt/bib/catbnp/1788754
021 ## $aPT$b327569/11
100 ## $a20110909a20119999m y0pory0103 ba
102 ## $aPT
106 ## $ar
110 ## $aauuzz 0uu0
200 1# $aVida astral$fpropr. Astro Dinâmico$gdir. Ana Oliveira
207 #1 $aA. 1, nº 1-
210 #9 $aOeiras$cA.D.,$dD.L. 2011-
215 ## $d26 cm
620 ## $dOeiras
675 ## $a133(051)$vBN$zpor$31453762
702 #1 $97$aOliveira,$bAna$4300$31468697
712 02 $aAstro Dinâmico$4650$31468656
801 #0 $aPT$bBN$gRPC
900 ## $aBIBNAC$d20110912
966 ## $lBN$mFGREV$sP.P. 30503 V.

OpendataBNP@bnportugal.pt | Mais informação sobre acesso aos dados BNP